Doplnkové poistenie - prilepšenie k penzii

Princípy a ochrana doplnkového dôchodkového poistenia (DDP). Doplnkové dôchodkové poisťovne v SR. DDP - podiely na trhu. Výhody DDP. Počet poistencov a zamestnávateľov v DDP.

Saved in:
Bibliographic Details
Main Author: Růžičková, Marta
Format: Book Chapter
Language:Slovak
Subjects:
Tags: Add Tag
No Tags, Be the first to tag this record!

MARC

LEADER 00000naa$a2200000$$$4500
001 0031498
005 20231004130312.4
041 0 |a slo 
044 |a SK 
245 1 0 |a Doplnkové poistenie - prilepšenie k penzii  |c Marta Růžičková 
520 |a Princípy a ochrana doplnkového dôchodkového poistenia (DDP). Doplnkové dôchodkové poisťovne v SR. DDP - podiely na trhu. Výhody DDP. Počet poistencov a zamestnávateľov v DDP. 
610 2 0 |a poistenie doplnkové 
610 2 0 |a Slovensko 
610 2 0 |a poistenie dôchodkové doplnkové 
610 2 0 |a poisťovne dôchodkové doplnkové 
610 2 0 |a poisťovne 
610 2 0 |a asociácie 
610 2 0 |a poistenci 
610 2 0 |a zamestnávatelia 
610 2 0 |a ochrana vkladov 
100 1 |a Růžičková, Marta